000
00276nam a2200109Ia 4500
008
230411s9999 xx 000 0 und d
041
_a
eng
082
_a
OG/610.73678/IND/B02170
100
_a
Indrani TK
245
_a
Domiciliary Care in Midwifery
999
_c
153394
_d
153394